Normal view
MARC view
- Supervisor DR. SHEHZAD AMIN SHEIKH
Entry Personal Name
001 - CONTROL NUMBER
- control field: 70445
003 - CONTROL NUMBER IDENTIFIER
- control field: NUST
005 - DATE AND TIME OF LATEST TRANSACTION
- control field: 20210628204451.0
008 - FIXED-LENGTH DATA ELEMENTS
- fixed length control field: 210628|| aca||aabn | a|a d
040 ## - CATALOGING SOURCE
- Original cataloging agency: NUST
- Transcribing agency: NUST
100 ## - HEADING--PERSONAL NAME
- Personal name: Supervisor DR. SHEHZAD AMIN SHEIKH
670 ## - SOURCE DATA FOUND
- Source citation: Work cat.: (NUST): SAADULLAH FAROOQ ABBASI 70444, TH-SOF-1479-Image Transformation Into A Visually Meaningful Encrypted Image, 2017
